LIBRARY & INFORMATION CENTRE, KCAET, TAVANUR

ONLINE PUBLIC ACCESS CATALOGUE (OPAC)

Adarsh patra lekhan / (Record no. 8403)

MARC details
000 -LEADER
fixed length control field 00425cam a2200181ua 4500
041 ## - LANGUAGE CODE
Language code of text/sound track or separate title hin
082 ## - DEWEY DECIMAL CLASSIFICATION NUMBER
Classification number 891.54
Item number YAN/AD
100 ## - MAIN ENTRY--AUTHOR NAME
Personal name Yanjdath, Sharma .
245 ## - TITLE STATEMENT
Title Adarsh patra lekhan /
250 ## - EDITION STATEMENT
Edition statement 1 /
260 ## - PUBLICATION, DISTRIBUTION, ETC. (IMPRINT)
Place of publication :
Name of publisher Atmaram and Sons ,
Year of publication 1953.
300 ## - PHYSICAL DESCRIPTION
Number of Pages 559 ; .
942 ## - ADDED ENTRY ELEMENTS (KOHA)
Koha item type Books
Holdings
Withdrawn status Lost status Damaged status Home library Current library Date acquired Full call number Accession Number Koha item type
Withdrawn     KAUAET Sanskrit University 07/04/2012 891.54 2770 Books
free website counter